000 00420nam a2200169Ia 4500
999 _c2260
_d2260
003 OSt
005 20251018102118.0
008 180730s9999||||xx |||||||||||||| ||und||
020 _a9.7804712896e+012
040 _c0
082 _a741.602
_bWON/P
100 _aWong, Wucius
245 0 _aPrinciples of Two Dimensional Design
260 _aNew yark
_bJohn Wiley & Sons, INC
_c1972
300 _a77p.
942 _aBK
_2ddc
_cBK